000 01758nam a22001577a 4500
999 _c520620
_d520620
008 220927b ||||| |||| 00| 0 eng d
100 _aBasu, Rumki
_934591
245 _aRevisiting Fred W. Riggs’ model in the context of ‘prismatic’ societies today
260 _aIndian Journal of Public Administration
300 _a67(1), Mar, 2021: p.71-86-95
520 _aF. W. Riggs initiated seminal areas of enquiry and research right from the beginning of his journey as an author and a theorist in public administration. His lifetime publications testify to a search for an ‘authentic’ model for analysing the administrative structures and behaviour of developing countries since the 1960s. Riggs pursued what is known as the ‘ecological’ study of public administration which presumes that public administration, functioning in different environments, influences and is influenced by the environment in which it functions. Scholars of comparative public administration have long been familiar with the ‘fused– prismatic–diffracted model’, which was later reformulated by Riggs to exert enormous influence on the understanding of public administration and organisational behaviour in different parts of the world. In the wake of the tremendous transformation with diverse developmental strategies in the Third World and South Asia in particular, in the last fifty years, it becomes important to re-examine Riggs’ models both in the Indian and other developing country contexts today. – Reproduced
650 _aPrismatic societies, Social transformation, Seminal research, Ecological model, Development strategies.
_933442
773 _aIndian Journal of Public Administration
906 _aSOCIAL TRANSFORMATION
942 _cAR